000 00465nam a2200169Ia 4500
008 221030s9999 xx 000 0 und d
020 _a8120304093
041 _aEnglish
082 _a105.23
100 _aY. C. Liu
245 0 _aMicrocomputer Systems : The 8086 / 8088 Family Architecture, Programming & Design
_cby Y. C. Liu, G. A. Gibson
260 _bPHI
_aNew Delhi
_c2010
300 _a623
650 _aBE Computer
700 _aG. A. Gibson
942 _cBK
999 _c9938
_d9938